[Event "AUTO-INT-3959"]
[Site "http://www.queenalice.com/game.php?id=1868936"]
[Date "2026.2.5"]
[Round "1"]
[White "Jsc"]
[Black "jenyasm"]
[Result "1-0"]
[WhiteElo "1781"]
[BlackElo "1659"]

1. e4 e5 2. Nf3 Nc6 3. d4 exd4 4. Nxd4 d6 5. Nxc6 bxc6 6. Bd3 Nf6 7. O-O h6 8.
Re1 Be7 9. h3 O-O 10. Qf3 Bb7 11. e5 dxe5 12. Rxe5 Bd6 13. Re1 Re8 14. Be3 Nd5
15. Nd2 Nb4 16. Qe2 Nxd3 17. cxd3 Qf6 18. Ne4 Qg6 19. Qf1 c5 20. Bxc5 Bxc5 21.
Nxc5 Rxe1 22. Rxe1 Bd5 23. a3 c6 24. Ne4 a5 25. Ng3 a4 26. Qe2 h5 27. h4 Rb8 28.
Kh2 Qg4 29. Qxg4 hxg4 30. Re2 Rb3 31. Rd2 g6 32. Nf1 f5 33. Kg3 Kg7 34. Ne3 Be6
35. Kf4 Kf6 36. Nd1 Bd5 37. g3 Bf3 38. Nc3 Rb6 39. Nxa4 Rb3 40. Nc5 Rb5 41. d4
Bd5 42. Nd7+ Ke6 43. Ne5 Kf6 44. Rc2 Rb6 45. Nd7+ 1-0

[Event "AUTO-INT-3959"]
[Site "http://www.queenalice.com/game.php?id=1868937"]
[Date "2026.2.5"]
[Round "1"]
[White "jenyasm"]
[Black "Jsc"]
[Result "0-1"]
[WhiteElo "1622"]
[BlackElo "1646"]

1. e4 e6 2. d4 d5 3. e5 c5 4. c3 Nc6 5. Nf3 Qb6 6. b3 cxd4 7. cxd4 Bb4+ 8. Bd2
Nxd4 9. Nxd4 Qxd4 10. Bxb4 Qxa1 0-1

[Event "AUTO-ADV-4917"]
[Site "http://www.queenalice.com/game.php?id=1869005"]
[Date "2026.2.7"]
[Round "1"]
[White "Jsc"]
[Black "SGF"]
[Result "1-0"]
[WhiteElo "1779"]
[BlackElo "1749"]

1. e4 e5 2. Nf3 Qf6 3. Nc3 c6 4. Bc4 b5 5. Bb3 a5 6. a3 d6 7. h3 a4 8. Ba2 Qg6
9. O-O Be7 10. Kh1 h5 11. d4 Ba6 12. Rg1 Nd7 13. b4 axb3 14. cxb3 h4 15. b4 Nb6
16. dxe5 d5 17. exd5 cxd5 18. Nxd5 Nxd5 19. Qxd5 Rd8 20. Qb3 Rd3 21. Qc2 Nh6 22.
Ne1 Rd8 23. Qxg6 fxg6 24. Nf3 Nf5 25. Ng5 Bxg5 26. Bxg5 Rd4 27. Rad1 Rh5 28. f4
Bb7 29. Rxd4 Nxd4 30. Rd1 Nc6 31. Rd6 Ne7 32. Re6 Kd7 33. Rxe7+ Kc6 34. Rxg7 Kb6
35. Rxg6+ Ka7 36. Rg7 Rh8 37. Bd5 Rb8 38. e6 Kb6 39. Rxb7+ Rxb7 40. Bxb7 Kxb7
41. e7 Kc6 42. e8=Q+ Kd5 43. Qe5+ Kc4 44. Bxh4 Kb3 45. Qxb5 Kxa3 46. Qc5 Ka4 47.
b5 Kb3 48. b6 Ka4 49. b7 Kb3 50. b8=Q+ Ka4 51. Qca7# 1-0

[Event "AUTO-ADV-4917"]
[Site "http://www.queenalice.com/game.php?id=1869006"]
[Date "2026.2.7"]
[Round "1"]
[White "SGF"]
[Black "Jsc"]
[Result "0-1"]
[WhiteElo "1748"]
[BlackElo "1868"]

1. e4 e6 2. Qf3 c5 3. Bc4 a6 4. d3 b5 5. Bb3 Bb7 6. Qg3 h6 7. h4 Nc6 8. c3 d6 9.
a4 b4 10. Ne2 a5 11. cxb4 axb4 12. O-O Na5 13. Nd2 Qf6 14. h5 Qg5 15. Qxg5 hxg5
16. g4 Ne7 17. Nc4 Nxc4 18. Bxc4 g6 19. hxg6 Nxg6 20. Bxg5 Bg7 21. Ra2 d5 22.
exd5 exd5 23. Bb5+ Kf8 24. a5 d4 25. a6 Rh1# 0-1

[Event "AUTO-ADV-4917"]
[Site "http://www.queenalice.com/game.php?id=1869007"]
[Date "2026.2.7"]
[Round "1"]
[White "Jsc"]
[Black "Castling"]
[Result "1-0"]
[WhiteElo "1792"]
[BlackElo "1803"]

1. e4 e5 2. Nf3 d6 3. h3 h6 4. Bc4 Qe7 5. Nc3 a6 6. a4 Be6 7. Bxe6 fxe6 8. b3
Nc6 9. Ba3 Nf6 10. d3 Qf7 11. Bb2 d5 12. exd5 Nxd5 13. Ne4 Nd4 14. Nxe5 Nf3+ 15.
Qxf3 Qxf3 16. Nxf3 O-O-O 17. Ne5 Re8 18. O-O-O Nf4 19. g3 Nd5 20. f4 Bd6 21. Ng6
Rh7 22. Rde1 Bb4 23. Re2 h5 24. Ng5 Rh6 25. Nh4 Kd7 26. Bxg7 Rg6 27. Nxg6 Rg8
28. Nxe6 Nc3 29. Bxc3 Bxc3 30. f5 b6 31. g4 1-0

[Event "AUTO-OPEN-4639"]
[Site "http://www.queenalice.com/game.php?id=1869389"]
[Date "2026.2.18"]
[Round "1"]
[White "zubarev"]
[Black "Jsc"]
[Result "1-0"]
[WhiteElo "1727"]
[BlackElo "1852"]

1. d4 d5 2. Nc3 Nc6 3. Nf3 e6 4. e3 a6 5. a3 Bd6 6. Bd3 Nge7 7. O-O O-O 8. Re1
Bd7 9. e4 dxe4 10. Nxe4 h6 11. Be3 Nd5 12. c4 Nxe3 13. fxe3 Be7 14. b4 f5 15.
Ng3 Bf6 16. Rc1 Ne7 17. e4 g5 18. e5 Bh8 19. Bc2 c6 20. d5 cxd5 21. c5 Nc6 22.
Ba4 Qc7 23. Bxc6 Bxc6 24. Nh5 g4 25. Nd4 Bxe5 26. Nxe6 Bxh2+ 27. Kh1 Qb8 28.
Nxf8 Kxf8 29. Qd4 1-0

[Event "AUTO-OPEN-4639"]
[Site "http://www.queenalice.com/game.php?id=1869390"]
[Date "2026.2.18"]
[Round "1"]
[White "Jsc"]
[Black "zubarev"]
[Result "1-0"]
[WhiteElo "1831"]
[BlackElo "1748"]

1. e4 e5 2. Nf3 Nc6 3. d4 exd4 4. Nxd4 Nge7 5. c3 Nxd4 6. cxd4 Ng6 7. Nc3 d6 8.
Bd3 Be7 9. O-O O-O 10. b3 f5 11. Qc2 f4 12. Nd5 c6 13. Nxe7+ Qxe7 14. f3 b6 15.
Qxc6 Bb7 16. Qc2 Rac8 17. Qe2 a5 18. a4 Qc7 19. Ba3 Rfd8 20. d5 Ne5 21. Bb5 Qc2
22. Qd1 Qxd1 23. Rfxd1 Rc2 24. Rac1 Rdc8 25. Rxc2 Rxc2 26. Bxd6 Ng6 27. Bc4 Kf7
28. g3 fxg3 29. Bxg3 Bc8 30. d6+ Ke8 31. Bb5+ Kd8 32. Bf2 Nf4 33. Bxb6+ 1-0

[Event "AUTO-OPEN-4639"]
[Site "http://www.queenalice.com/game.php?id=1869417"]
[Date "2026.2.18"]
[Round "1"]
[White "donadama"]
[Black "Jsc"]
[Result "1-0"]
[WhiteElo "2026"]
[BlackElo "1787"]

1. d4 d5 2. Nf3 c6 3. g3 Na6 4. Bg2 Nc7 5. c4 dxc4 6. Qc2 Be6 7. O-O Nf6 8. Bg5
Bd5 9. Bxf6 exf6 10. e4 Be6 11. Nc3 Be7 12. Rad1 O-O 13. d5 cxd5 14. exd5 Bg4
15. h3 Bxf3 16. Bxf3 Qd6 17. Ne4 1-0

[Event "AUTO-OPEN-4639"]
[Site "http://www.queenalice.com/game.php?id=1869418"]
[Date "2026.2.18"]
[Round "1"]
[White "Jsc"]
[Black "donadama"]
[Result "1-0"]
[WhiteElo "1828"]
[BlackElo "2032"]

1. e4 c6 2. d4 d5 3. e5 Bf5 4. c4 e6 5. Nc3 Bb4 6. Qb3 a5 7. a3 Bxc3+ 8. bxc3
Qc7 9. c5 Nd7 10. Be2 Ne7 11. a4 b6 12. cxb6 Nxb6 13. Ba3 Rb8 14. Bd6 1-0

[Event "AUTO-ADV-4920"]
[Site "http://www.queenalice.com/game.php?id=1869560"]
[Date "2026.2.21"]
[Round "1"]
[White "Jsc"]
[Black "mvson33"]
[Result "1-0"]
[WhiteElo "1811"]
[BlackElo "1809"]

1. e4 e5 2. Nf3 Nc6 3. d4 exd4 4. Nxd4 Be7 5. c3 d6 6. Be3 Nf6 7. Be2 O-O 8. Nd2
Bd7 9. O-O Nxd4 10. cxd4 Re8 11. f3 a6 12. Rc1 Rb8 13. Qc2 Rc8 14. a3 Bf8 15.
Qb3 Rb8 16. d5 c6 17. Ba7 Ra8 18. Qxb7 Qc8 19. Qxc8 Rexc8 20. dxc6 Rxc6 21. Be3
Rxc1 22. Rxc1 Rc8 23. Rxc8 Bxc8 24. Bc4 Be7 25. Nb3 Kf8 26. Na5 Bd8 27. Nc6 Bc7
28. Bd2 Ke8 29. Ba5 Bxa5 30. Nxa5 Nd7 31. Kf2 Nf6 32. Ke3 Ke7 33. Nc6+ Kd7 34.
Nb8+ Kc7 35. Nxa6+ Kb6 36. Nb4 Kc5 37. Bxf7 Bb7 38. Nd3+ Kb6 39. Kd4 Kc7 40. Nb4
h6 41. Nd5+ Nxd5 42. Bxd5 Ba6 43. Be6 Bf1 44. Bh3 Kc6 45. b4 Bb5 46. g3 Ba4 47.
Kc4 Bd1 48. Bg2 Kc7 49. f4 Kd7 50. Kb5 Kc7 51. a4 Be2+ 52. Ka5 Kb8 53. Kb6 Bd1
54. a5 Ba4 55. b5 Kc8 56. a6 1-0

[Event "AUTO-ADV-4922"]
[Site "http://www.queenalice.com/game.php?id=1870110"]
[Date "2026.3.5"]
[Round "1"]
[White "Jsc"]
[Black "Connor"]
[Result "1-0"]
[WhiteElo "1803"]
[BlackElo "1926"]

1. e4 e5 2. Nf3 d6 3. h3 Nf6 4. Nc3 a6 5. a4 Bd7 6. Bc4 Nc6 7. O-O Be7 8. d4
exd4 9. Nxd4 Nxd4 10. Qxd4 Bc6 11. Nd5 O-O 12. Nxe7+ Qxe7 13. f3 Nd7 14. b4 Qe5
15. c3 b5 16. Bb3 bxa4 17. Bxa4 Bxa4 18. Rxa4 c5 19. bxc5 Qxc5 20. Ba3 Qxd4+ 21.
Rxd4 Rfc8 22. c4 Nb6 23. Rc1 Rc6 24. Bxd6 a5 25. Ba3 Rac8 26. c5 Nd7 27. Rxd7
1-0

[Event "AUTO-ADV-4922"]
[Site "http://www.queenalice.com/game.php?id=1870111"]
[Date "2026.3.5"]
[Round "1"]
[White "Connor"]
[Black "Jsc"]
[Result "1-0"]
[WhiteElo "1905"]
[BlackElo "1824"]

1. d4 d5 2. e3 c6 3. c4 dxc4 4. Bxc4 e6 5. Bd2 b5 6. Be2 a5 7. Nf3 Nf6 8. Ne5
Bd6 9. Bf3 Bd7 10. Nxd7 Qxd7 11. Nc3 Nd5 12. Nxd5 exd5 13. Qc2 Na6 14. Bxa5 Bb4+
15. Bxb4 Nxb4 16. Qb3 Qf5 17. Qxb4 1-0